00534nam a22001697a 450000500170000001000150001702000260003203500140005803700090007208200110008124500350009225000060012726000680013327000990020130000190030050000450031920260427124444.0 aENG-147853 a9789371362481c450.00 aEN-131385 bDBAD 21a530 aNEET 2023 Crash Course Physics a1 aUttar PradeshbPearson India Education Services Pvt. Ltd.c2026 a1st Floor, Berger Tower, Plot No. C-001A/2, Sector 16B, Noida - 201 301, Uttar Pradesh, India. avpp.c25cm(pb) aA Complete Guide for NEET (UG) Aspirants